[Event "Syre Memorial op 32nd"]
[Site "Issy les Moulineaux"]
[Date "2009.05.21"]
[Round "1"]
[White "Soulages, Laurent"]
[Black "Bihi, Mehdi"]
[Result "0-1"]
[WhiteElo "2146"]
[BlackElo "1957"]
[PlyCount "52"]
[EventDate "2009.05.21"]
[EventType "swiss"]
[EventRounds "6"]
[EventCountry "FRA"]
[SourceTitle "EXT 2010"]
[Source "ChessBase"]
[SourceDate "2010.11.25"]
[SourceVersion "1"]
[SourceVersionDate "2010.11.25"]
[SourceQuality "1"]

1. c4 Nf6 2. g3 e6 3. Bg2 Be7 4. Nf3 0-0 5. 0-0 d5 6. b3 Ne4 7. d3 Bf6 8. d4 c5 9. cxd5 exd5 10. Bb2 Nc6 11. Nbd2 cxd4 12. Nb1 d3 13. Bxf6 Qxf6 14. Na3 Qb2 15. exd3 Nc3 16. Qc2 Ne2+ 17. Kh1 Nxg3+ 18. fxg3 Qxa3 19. d4 h6 20. Ne5 Be6 21. Qf2 Nxe5 22. dxe5 Rac8 23. Rad1 Rc5 24. Rd4 Ra5 25. Rd2 Rc8 26. Bxd5 Rxd5 0-1

[Event "FRA-chT1A 0809"]
[Site "France"]
[Date "2009.04.04"]
[Round "10.6"]
[White "Soulages, Laurent"]
[Black "Rodriguez, Angel"]
[Result "1-0"]
[WhiteElo "2146"]
[BlackElo "2117"]
[PlyCount "77"]
[EventDate "2008.10.19"]
[EventType "team-tourn"]
[EventRounds "11"]
[EventCountry "FRA"]
[SourceTitle "EXT 2010"]
[Source "ChessBase"]
[SourceDate "2010.11.25"]
[SourceVersion "1"]
[SourceVersionDate "2010.11.25"]
[SourceQuality "1"]
[WhiteTeam "Creteil"]
[BlackTeam "Toulouse"]
[WhiteTeamCountry "FRA"]
[BlackTeamCountry "FRA"]

1. c4 f5 2. Nc3 Nf6 3. g3 g6 4. Bg2 Bg7 5. e3 d6 6. Nge2 0-0 7. 0-0 e5 8. d3 Nc6 9. b3 g5 10. f4 h6 11. Rb1 Qe8 12. Nd5 Nxd5 13. cxd5 Ne7 14. Ba3 e4 15. dxe4 fxe4 16. Bxe4 Nf5 17. Qd3 Bd7 18. Rbe1 Bb5 19. Qb1 Nxe3 20. Rf3 Ng4 21. Kg2 Bd7 22. Ng1 Qd8 23. Bc1 gxf4 24. Rxf4 Rxf4 25. Bxf4 Qf6 26. Nf3 Re8 27. h3 Ne5 28. Nxe5 dxe5 29. Be3 Rf8 30. Qc2 Bf5 31. Bxf5 Qxf5 32. Qxf5 Rxf5 33. Rc1 e4 34. Rxc7 Rxd5 35. Rxb7 a5 36. Re7 Bd4 37. Bxh6 Be5 38. h4 Rc5 39. Kh3 1-0

[Event "Syre Memorial op 31st"]
[Site "Issy les Moulineaux"]
[Date "2008.05.01"]
[Round "1"]
[White "Soulages, Laurent"]
[Black "Payen, Arnaud"]
[Result "1/2-1/2"]
[WhiteElo "2095"]
[BlackElo "2372"]
[PlyCount "50"]
[EventDate "2008.05.01"]
[EventType "swiss"]
[EventRounds "6"]
[EventCountry "FRA"]
[SourceTitle "EXT 2010"]
[Source "ChessBase"]
[SourceDate "2010.11.25"]
[SourceVersion "1"]
[SourceVersionDate "2010.11.25"]
[SourceQuality "1"]

1. c4 Nf6 2. g3 c6 3. Bg2 d5 4. Nf3 Bf5 5. cxd5 cxd5 6. Qb3 Qb6 7. Nc3 Qxb3 8. axb3 Nc6 9. d3 Rc8 10. Bg5 e6 11. 0-0 Be7 12. Rfc1 Nd7 13. Nb5 e5 14. Nxa7 Nxa7 15. Rxa7 Rxc1+ 16. Bxc1 0-0 17. e4 dxe4 18. dxe4 Be6 19. Be3 f6 20. Bf1 Rb8 21. Bc4 Kf7 22. Nd2 Bc5 23. Bxc5 Nxc5 24. b4 Nd7 25. Kf1 Nb6 1/2-1/2

[Event "Syre Memorial op 30th"]
[Site "Issy les Moulineaux"]
[Date "2007.05.17"]
[Round "2"]
[White "Soulages, Laurent"]
[Black "Song, Julien"]
[Result "0-1"]
[WhiteElo "2108"]
[BlackElo "1957"]
[PlyCount "50"]
[EventDate "2007.05.17"]
[EventType "swiss"]
[EventRounds "6"]
[EventCountry "FRA"]
[SourceTitle "EXT 2008"]
[Source "ChessBase"]
[SourceDate "2007.11.25"]
[SourceVersion "1"]
[SourceVersionDate "2007.11.25"]
[SourceQuality "1"]

1. c4 e6 2. g3 d5 3. Bg2 Nf6 4. Nf3 Be7 5. 0-0 0-0 6. d4 dxc4 7. Qc2 a6 8. Qxc4 b5 9. Qc2 Bb7 10. Bd2 Ra7 11. Rd1 Nbd7 12. Ba5 Be4 13. Qc1 Qa8 14. Nbd2 Bd5 15. b4 Nb8 16. Nb3 Nc6 17. Qa3 Ne4 18. Ne5 Nxe5 19. dxe5 Nc3 20. Bxd5 Nxd5 21. Rac1 Nb6 22. Bxb6 cxb6 23. Nd4 Rd7 24. Rd3 Rc8 25. Nf5 Bxb4 0-1

[Event "Evry op 2nd"]
[Site "Evry"]
[Date "2006.11.05"]
[Round "7"]
[White "Soulages, Laurent"]
[Black "Kononov, Alexander"]
[Result "0-1"]
[WhiteElo "2133"]
[BlackElo "2243"]
[PlyCount "55"]
[EventDate "2006.11.01"]
[EventType "swiss"]
[EventRounds "7"]
[EventCountry "FRA"]
[SourceTitle "EXT 2007"]
[Source "ChessBase"]
[SourceDate "2006.11.23"]
[SourceVersion "1"]
[SourceVersionDate "2006.11.23"]
[SourceQuality "1"]

1. c4 e5 2. g3 Nc6 3. Bg2 d6 4. Nc3 Be6 5. d3 Qd7 6. Rb1 g6 7. b4 Bg7 8. b5 Nd8 9. Bb2 Ne7 10. Nf3 Bh3 11. 0-0 0-0 12. d4 Bxg2 13. Kxg2 exd4 14. Nxd4 c6 15. e3 Ne6 16. Ne4 Rfd8 17. bxc6 bxc6 18. Nf3 Kh8 19. Bxg7+ Nxg7 20. Nfg5 Nef5 21. Nf6 Qe7 22. Ngxh7 Ne8 23. e4 Nxf6 24. Nxf6 Nh4+ 25. gxh4 Qxf6 26. Qf3 Qe6 27. Rb7 Kg8 28. h5 0-1

[Event "Evry op 2nd"]
[Site "Evry"]
[Date "2006.11.04"]
[Round "5"]
[White "Aouizerate, Robert"]
[Black "Soulages, Laurent"]
[Result "1/2-1/2"]
[WhiteElo "1991"]
[BlackElo "2133"]
[PlyCount "98"]
[EventDate "2006.11.01"]
[EventType "swiss"]
[EventRounds "7"]
[EventCountry "FRA"]
[SourceTitle "EXT 2007"]
[Source "ChessBase"]
[SourceDate "2006.11.23"]
[SourceVersion "1"]
[SourceVersionDate "2006.11.23"]
[SourceQuality "1"]

1. e4 c5 2. Nf3 e6 3. d3 Nc6 4. g3 g6 5. Bg2 Bg7 6. 0-0 Nge7 7. Re1 d6 8. c3 e5 9. Be3 0-0 10. Nh4 Be6 11. Nd2 Qd7 12. f4 exf4 13. gxf4 b6 14. Ndf3 d5 15. Bf2 Rad8 16. Qa4 dxe4 17. dxe4 Nd4 18. Qxd7 Nxf3+ 19. Nxf3 Rxd7 20. Bf1 Bg4 21. Bb5 Rdd8 22. Bh4 f6 23. Bc4+ Kh8 24. Kf2 g5 25. Bg3 gxf4 26. Bxf4 Ng6 27. Bg3 Ne5 28. Nxe5 fxe5+ 29. Kg1 Rd2 30. Rf1 Rf6 31. Bxe5 Rxf1+ 32. Rxf1 Bxe5 33. Rf8+ Kg7 34. Rg8+ Kf6 35. Rxg4 Bxh2+ 36. Kh1 Rxb2 37. Rh4 Be5 38. Rxh7 Bxc3 39. Rxa7 b5 40. Bd5 Ke5 41. a4 b4 42. a5 Bd4 43. Re7+ Kd6 44. Re6+ Kc7 45. a6 Rb1+ 46. Kg2 Ra1 47. Rc6+ Kb8 48. e5 Bxe5 49. Rxc5 Rxa6 1/2-1/2

[Event "Paris-ch"]
[Site "Paris"]
[Date "2006.07.12"]
[Round "9"]
[White "Soulages, Laurent"]
[Black "Pozdnjakov, Viatcheslav"]
[Result "1/2-1/2"]
[WhiteElo "2115"]
[BlackElo "2192"]
[PlyCount "87"]
[EventDate "2006.07.08"]
[EventType "swiss"]
[EventRounds "9"]
[EventCountry "FRA"]
[SourceTitle "EXT 2007"]
[Source "ChessBase"]
[SourceDate "2006.11.23"]
[SourceVersion "1"]
[SourceVersionDate "2006.11.23"]
[SourceQuality "1"]

1. c4 c6 2. g3 d5 3. Bg2 Nf6 4. Nf3 Bf5 5. cxd5 cxd5 6. Qb3 Qb6 7. Nc3 Qxb3 8. axb3 Nc6 9. d3 Rc8 10. 0-0 a6 11. Bg5 e6 12. Rfc1 Be7 13. Na4 h6 14. Be3 0-0 15. Nb6 Rcd8 16. Nd4 Nxd4 17. Bxd4 Bd6 18. Bc5 Rfe8 19. Bxd6 Rxd6 20. Nc8 Rdd8 21. Nb6 Nd7 22. Nxd7 Rxd7 23. d4 Kf8 24. Ra5 Ke7 25. b4 Kd6 26. Rac5 Bg6 27. R1c3 Ree7 28. e3 Rc7 29. Bf1 f6 30. f4 Be8 31. Kf2 Bc6 32. b5 Bxb5 33. Bxb5 axb5 34. Rxc7 Rxc7 35. Rxc7 Kxc7 36. g4 Kd6 37. Kg3 b4 38. Kh4 Ke7 39. Kh5 Kf7 40. b3 e5 41. f5 exd4 42. exd4 Kg8 43. Kg6 Kf8 44. h4 1/2-1/2

[Event "Syre Memorial op 29th"]
[Site "Issy les Moulineaux"]
[Date "2006.05.25"]
[Round "1"]
[White "Roser, Kevin"]
[Black "Soulages, Laurent"]
[Result "1-0"]
[WhiteElo "2373"]
[BlackElo "2110"]
[PlyCount "49"]
[EventDate "2006.05.25"]
[EventType "swiss"]
[EventRounds "6"]
[EventCountry "FRA"]
[SourceTitle "EXT 2007"]
[Source "ChessBase"]
[SourceDate "2006.11.23"]
[SourceVersion "1"]
[SourceVersionDate "2006.11.23"]
[SourceQuality "1"]

1. e4 c5 2. Nf3 e6 3. d4 cxd4 4. Nxd4 Nc6 5. Nc3 a6 6. Be3 Nf6 7. Qd2 Bb4 8. f3 d5 9. a3 Qa5 10. Nb3 Bxc3 11. bxc3 Qc7 12. c4 dxc4 13. Bxc4 Ne5 14. Bd3 0-0 15. a4 Bd7 16. 0-0 Rfc8 17. Bd4 Nxd3 18. cxd3 Qc2 19. Qb4 b5 20. Rfc1 Qe2 21. Nc5 bxa4 22. Re1 Qc2 23. Rac1 a5 24. Qa3 Qd2 25. Bc3 1-0

[Event "FRA-chT2B 0506"]
[Site "France"]
[Date "2006.03.12"]
[Round "9.8"]
[White "Kessler, Martin"]
[Black "Soulages, Laurent"]
[Result "1-0"]
[WhiteElo "2137"]
[BlackElo "2117"]
[PlyCount "91"]
[EventDate "2005.10.27"]
[EventType "team-tourn"]
[EventRounds "11"]
[EventCountry "FRA"]
[SourceTitle "EXT 2006"]
[Source "ChessBase"]
[SourceDate "2005.11.24"]
[SourceVersion "1"]
[SourceVersionDate "2005.11.24"]
[SourceQuality "1"]
[WhiteTeam "Paris NAO II"]
[BlackTeam "Creteil  II"]
[WhiteTeamCountry "FRA"]
[BlackTeamCountry "FRA"]

1. e4 c5 2. Nf3 e6 3. d4 cxd4 4. Nxd4 Nc6 5. Be3 Nf6 6. Bd3 Qc7 7. 0-0 a6 8. Nd2 d5 9. exd5 Nxd5 10. Nxc6 bxc6 11. Bd4 c5 12. c4 cxd4 13. cxd5 Bd6 14. dxe6 Bxe6 15. Rc1 Qb8 16. Qa4+ Ke7 17. Nf3 Rd8 18. Be4 Ra7 19. Nxd4 Bxh2+ 20. Kh1 Bd7 21. Bc6 Be5 22. Bxd7 Bxd4 23. Qxd4 Rdxd7 24. Qxg7 Rd6 25. Qe5+ Kd7 26. Rfd1 Rb7 27. Qf5+ Ke7 28. Qg5+ Kd7 29. Qg4+ Ke7 30. Qg5+ Kd7 31. Qf5+ Ke7 32. Re1+ Re6 33. Rxe6+ fxe6 34. Qxh7+ Kd6 35. Rd1+ Kc6 36. Qe4+ Kb5 37. Qd3+ Ka5 38. Qc3+ Kb6 39. Qd4+ Ka5 40. Qc5+ Rb5 41. Qa3+ Kb6 42. Rd6+ Kc7 43. Rxa6 Kb7 44. Rd6 Qh8+ 45. Kg1 Rxb2 46. Rd7+ 1-0

[Event "FRA-chT2B 0506"]
[Site "France"]
[Date "2006.01.14"]
[Round "5.6"]
[White "Theon, Pierre"]
[Black "Soulages, Laurent"]
[Result "1-0"]
[WhiteElo "2215"]
[BlackElo "2117"]
[PlyCount "72"]
[EventDate "2005.10.27"]
[EventType "team-tourn"]
[EventRounds "11"]
[EventCountry "FRA"]
[SourceTitle "EXT 2006"]
[Source "ChessBase"]
[SourceDate "2005.11.24"]
[SourceVersion "1"]
[SourceVersionDate "2005.11.24"]
[SourceQuality "1"]
[WhiteTeam "Orcher La Tour II"]
[BlackTeam "Creteil  II"]
[WhiteTeamCountry "FRA"]
[BlackTeamCountry "FRA"]

1. e4 c5 2. a3 e6 3. b4 cxb4 4. axb4 Bxb4 5. Bb2 Nf6 6. e5 Nd5 7. c4 Nc7 8. Ra3 b6 9. Rg3 g6 10. h4 h5 11. Bd3 Bb7 12. Qc2 Qe7 13. Nc3 Nba6 14. Ne4 Bxe4 15. Bxe4 0-0-0 16. Ne2 Rhg8 17. Nd4 Nc5 18. Bf3 Kb8 19. 0-0 g5 20. Rxg5 Rxg5 21. hxg5 Qxg5 22. Rd1 h4 23. Ne2 Qg6 24. d3 Rg8 25. Nf4 Qf5 26. Qc1 Na4 27. Ba1 Bc3 28. Bxc3 Nxc3 29. Qxc3 Qxf4 30. d4 Rc8 31. Qa3 f6 32. Ra1 a5 33. Qd6 Ka7 34. Qxd7 Kb8 35. Qc6 Nd5 36. Qd6+ Kb7 1-0

[Event "Syre Memorial op 28th"]
[Site "Issy les Moulineaux"]
[Date "2005.05.07"]
[Round "5"]
[White "Cordon, Michael"]
[Black "Soulages, Laurent"]
[Result "0-1"]
[WhiteElo "1618"]
[BlackElo "2131"]
[PlyCount "48"]
[EventDate "2005.05.05"]
[EventType "swiss"]
[EventRounds "6"]
[EventCountry "FRA"]
[SourceTitle "EXT 2007"]
[Source "ChessBase"]
[SourceDate "2006.11.23"]
[SourceVersion "1"]
[SourceVersionDate "2006.11.23"]
[SourceQuality "1"]

1. e4 c5 2. Nf3 e6 3. d4 cxd4 4. Nxd4 Nc6 5. Nc3 a6 6. Nxc6 bxc6 7. Bd3 d5 8. 0-0 Nf6 9. Qf3 Bb7 10. Bg5 Be7 11. Rfe1 h6 12. Bh4 g6 13. exd5 cxd5 14. Bxf6 Bxf6 15. Bxg6 fxg6 16. Rxe6+ Kf7 17. Rae1 Kg7 18. Qg3 Rf8 19. Rd6 Re8 20. Ne2 Qe7 21. h4 h5 22. c3 Rad8 23. Rb6 Rd7 24. b4 Qd8 0-1

[Event "Syre Memorial op 28th"]
[Site "Issy les Moulineaux"]
[Date "2005.05.06"]
[Round "2"]
[White "Soulages, Laurent"]
[Black "Demarre, Jacques"]
[Result "1/2-1/2"]
[WhiteElo "2131"]
[BlackElo "2281"]
[PlyCount "99"]
[EventDate "2005.05.05"]
[EventType "swiss"]
[EventRounds "6"]
[EventCountry "FRA"]
[SourceTitle "EXT 2007"]
[Source "ChessBase"]
[SourceDate "2006.11.23"]
[SourceVersion "1"]
[SourceVersionDate "2006.11.23"]
[SourceQuality "1"]

1. d4 Nf6 2. c4 g6 3. Nc3 Bg7 4. e4 d6 5. Nf3 0-0 6. Be2 e5 7. 0-0 exd4 8. Nxd4 Re8 9. f3 c6 10. Kh1 Nh5 11. g4 Nf6 12. Bf4 h5 13. g5 Nh7 14. Rg1 Nf8 15. Qd2 Qe7 16. Rad1 Na6 17. Rge1 Bh3 18. Bf1 Bxf1 19. Rxf1 Rad8 20. Rfe1 Nc5 21. Be3 Nfe6 22. Rg1 a5 23. Rde1 Nxd4 24. Bxd4 Bxd4 25. Qxd4 Qe5 26. Qd2 Ne6 27. Ref1 Nf4 28. Rd1 Kg7 29. h4 d5 30. cxd5 cxd5 31. Nxd5 Nxd5 32. exd5 Qf5 33. Kg2 Re5 34. Rge1 Rexd5 35. Qe2 Qf4 36. Rxd5 Rxd5 37. Rd1 Rxd1 38. Qxd1 Qxh4 39. Qd5 Qf4 40. Qxa5 h4 41. Qc3+ Kg8 42. Qc8+ Kh7 43. Qg4 Qd2+ 44. Kh3 Qxb2 45. Qxh4+ Kg8 46. a4 Qc1 47. Qe4 Qxg5 48. Qxb7 Qf5+ 49. Kg3 Qg5+ 50. Kh3 1/2-1/2

[Event "FRA-chT2 0405"]
[Site "France"]
[Date "2005.01.09"]
[Round "6.4"]
[White "Kieffer, Christian"]
[Black "Soulages, Laurent"]
[Result "0-1"]
[WhiteElo "2160"]
[BlackElo "2131"]
[PlyCount "80"]
[EventDate "2004.10.10"]
[EventType "team"]
[EventRounds "11"]
[EventCountry "FRA"]
[SourceTitle "EXT 2006"]
[Source "ChessBase"]
[SourceDate "2005.11.24"]
[SourceVersion "1"]
[SourceVersionDate "2005.11.24"]
[SourceQuality "1"]
[WhiteTeam "Le Touquet"]
[BlackTeam "Creteil  II"]
[WhiteTeamCountry "FRA"]
[BlackTeamCountry "FRA"]

1. e4 c5 2. Nf3 e6 3. Qe2 Nc6 4. g3 Nf6 5. c3 Be7 6. Bg2 0-0 7. 0-0 d5 8. d3 b6 9. e5 Nd7 10. Re1 Rb8 11. h4 b5 12. a3 a5 13. Bf4 b4 14. axb4 cxb4 15. Nbd2 bxc3 16. bxc3 Nc5 17. Qe3 Ba6 18. Bf1 Rb2 19. h5 Qb6 20. h6 g6 21. Bg5 Qc7 22. Bxe7 Qxe7 23. d4 Bxf1 24. dxc5 Ba6 25. Nd4 Qxc5 26. N2b3 Qb6 27. Qg5 Nxd4 28. Nxd4 Qd8 29. Qc1 Qb6 30. Qf4 f5 31. exf6 Bc8 32. Re3 Rf7 33. Nf3 Rxf2 34. Kxf2 Qb2+ 35. Re2 Qxa1 36. Qb8 Qxc3 37. Rxe6 Qc5+ 38. Kf1 Rf8 39. f7+ Kxf7 40. Re2 Bh3+ 0-1

[Event "FRA-chT2 0405"]
[Site "France"]
[Date "2005.01.08"]
[Round "5.5"]
[White "Naudin, Yvan"]
[Black "Soulages, Laurent"]
[Result "0-1"]
[WhiteElo "2049"]
[BlackElo "2131"]
[PlyCount "142"]
[EventDate "2004.10.10"]
[EventType "team"]
[EventRounds "11"]
[EventCountry "FRA"]
[SourceTitle "EXT 2006"]
[Source "ChessBase"]
[SourceDate "2005.11.24"]
[SourceVersion "1"]
[SourceVersionDate "2005.11.24"]
[SourceQuality "1"]
[WhiteTeam "Neuville en Ferrain"]
[BlackTeam "Creteil  II"]
[WhiteTeamCountry "FRA"]
[BlackTeamCountry "FRA"]

1. d4 Nf6 2. c4 e6 3. Nc3 Bb4 4. a3 Bxc3+ 5. bxc3 c5 6. Qc2 Nc6 7. Nf3 d6 8. e4 e5 9. d5 Na5 10. Bd3 b6 11. 0-0 Ba6 12. Nd2 0-0 13. f4 Nd7 14. f5 f6 15. Rf3 g5 16. fxg6 hxg6 17. Qd1 Kg7 18. Rg3 Rh8 19. Ra2 Nf8 20. Qf1 Qe7 21. Nf3 Nd7 22. Rf2 Raf8 23. Be3 Rf7 24. Nd2 Rh7 25. Qe2 Nf8 26. Qf1 Kh8 27. Rgf3 Nd7 28. Be2 Kg8 29. Rg3 g5 30. Bg4 Nf8 31. Rgf3 Rh4 32. h3 Rxg4 33. hxg4 Nh7 34. Rh3 Qd7 35. g3 Qxg4 36. Rfh2 Nxc4 37. Nxc4 Qxe4 38. Nxd6 Qxe3+ 39. Qf2 Qc1+ 40. Kg2 Rd7 41. Ne4 Bd3 42. Nxf6+ Nxf6 43. Qxf6 Be4+ 44. Kf2 Qd2+ 45. Kg1 Qe1+ 46. Qf1 Qxf1+ 47. Kxf1 Rxd5 48. Ke2 Bf5 49. Rh8+ Kg7 50. Ra8 Rd7 51. Rhh8 Be6 52. Rad8 Rf7 53. Rdg8+ Kf6 54. Rf8 a5 55. Rxf7+ Bxf7 56. Ke3 b5 57. Rb8 b4 58. Rb5 bxa3 59. Rxa5 a2 60. Ra4 Bb3 61. Ra3 Kf5 62. Kf3 Bd5+ 63. Ke3 Kg4 64. Kf2 e4 65. Ra7 Bb3 66. Ra8 e3+ 67. Kxe3 Kxg3 68. Kd3 c4+ 69. Ke3 Kg2 70. Ke2 g4 71. Ra7 g3 0-1

[Event "FRA-chT2 0405"]
[Site "France"]
[Date "2004.11.07"]
[Round "3.6"]
[White "Jeanne, Mickael"]
[Black "Soulages, Laurent"]
[Result "1-0"]
[WhiteElo "2146"]
[BlackElo "2122"]
[PlyCount "103"]
[EventDate "2004.10.10"]
[EventType "team"]
[EventRounds "11"]
[EventCountry "FRA"]
[SourceTitle "EXT 2006"]
[Source "ChessBase"]
[SourceDate "2005.11.24"]
[SourceVersion "1"]
[SourceVersionDate "2005.11.24"]
[SourceQuality "1"]
[WhiteTeam "Maromme"]
[BlackTeam "Creteil  II"]
[WhiteTeamCountry "FRA"]
[BlackTeamCountry "FRA"]

1. Nf3 Nf6 2. c4 c5 3. Nc3 e6 4. g3 b6 5. Bg2 Bb7 6. 0-0 Be7 7. Re1 d6 8. e4 a6 9. d4 cxd4 10. Nxd4 Qc7 11. Be3 Nbd7 12. f4 0-0 13. Rc1 Rfe8 14. b3 Bf8 15. Bf2 Rac8 16. h3 Qb8 17. g4 g6 18. g5 Nh5 19. Qg4 Bg7 20. Nde2 f5 21. gxf6 Nhxf6 22. Qf3 Nc5 23. Ng3 Rcd8 24. b4 Ncd7 25. Qd3 Bf8 26. a3 Ba8 27. Qf1 Bh6 28. Be3 Rc8 29. Nd1 Rf8 30. f5 Bxe3+ 31. Rxe3 Ne5 32. Qe2 exf5 33. exf5 Bxg2 34. Kxg2 Qb7+ 35. Kh2 Qf7 36. Nb2 Nd5 37. Rxe5 dxe5 38. Qxe5 Rfe8 39. Qd4 gxf5 40. Rg1 Kf8 41. cxd5 f4 42. Ne4 Rc2+ 43. Kh1 Rxe4 44. Qxe4 Rxb2 45. Rf1 Qe7 46. Qxf4+ Ke8 47. Qb8+ Kd7 48. Qb7+ Kd8 49. Qxb6+ Kd7 50. Qc6+ Kd8 51. d6 Qg7 52. Qa8+ 1-0

[Event "FRA-chT2 0405"]
[Site "France"]
[Date "2004.11.06"]
[Round "2.5"]
[White "Stawiarski, Edmond"]
[Black "Soulages, Laurent"]
[Result "1-0"]
[WhiteElo "2195"]
[BlackElo "2122"]
[PlyCount "51"]
[EventDate "2004.10.10"]
[EventType "team"]
[EventRounds "11"]
[EventCountry "FRA"]
[SourceTitle "EXT 2006"]
[Source "ChessBase"]
[SourceDate "2005.11.24"]
[SourceVersion "1"]
[SourceVersionDate "2005.11.24"]
[SourceQuality "1"]
[WhiteTeam "Arras"]
[BlackTeam "Creteil  II"]
[WhiteTeamCountry "FRA"]
[BlackTeamCountry "FRA"]

1. d4 Nf6 2. Nf3 e6 3. Bf4 c5 4. e3 Qb6 5. Qc1 Nc6 6. c3 Nh5 7. Bg3 Nxg3 8. hxg3 d6 9. Nbd2 g6 10. Ne4 Qd8 11. dxc5 dxc5 12. Qc2 Be7 13. Rd1 Bd7 14. Nd6+ Bxd6 15. Rxd6 Qe7 16. Qd2 0-0-0 17. b4 cxb4 18. cxb4 Kc7 19. Nd4 Nxb4 20. Qc3+ Nc6 21. Qc5 Qf6 22. Bb5 Kb8 23. Bxc6 Bxc6 24. 0-0 Bd5 25. Nb5 Rxd6 26. Qxd6+ 1-0

[Event "FRA-chT2 0405"]
[Site "France"]
[Date "2004.10.10"]
[Round "1.2"]
[White "Soulages, Laurent"]
[Black "Mullon, Jean Baptiste"]
[Result "1/2-1/2"]
[WhiteElo "2122"]
[BlackElo "2330"]
[PlyCount "107"]
[EventDate "2004.10.10"]
[EventType "team"]
[EventRounds "11"]
[EventCountry "FRA"]
[SourceTitle "EXT 2006"]
[Source "ChessBase"]
[SourceDate "2005.11.24"]
[SourceVersion "1"]
[SourceVersionDate "2005.11.24"]
[SourceQuality "1"]
[WhiteTeam "Creteil  II"]
[BlackTeam "Clichy  II"]
[WhiteTeamCountry "FRA"]
[BlackTeamCountry "FRA"]

1. Nf3 d5 2. d4 Nf6 3. c4 c6 4. Nc3 e6 5. e3 Nbd7 6. Bd3 dxc4 7. Bxc4 b5 8. Bd3 b4 9. Ne4 Be7 10. Nxf6+ Nxf6 11. 0-0 Bb7 12. Nd2 0-0 13. Nb3 c5 14. Nxc5 Bxc5 15. dxc5 Qd5 16. e4 Nxe4 17. Bxe4 Qxe4 18. f3 Qf5 19. Be3 a5 20. Qb1 Qe5 21. Re1 a4 22. Qc1 Rfc8 23. Bf2 Qf6 24. Qc4 Qxb2 25. Reb1 Qe5 26. Qxb4 Bd5 27. a3 f6 28. Qd2 Bb3 29. Re1 Qd5 30. Qc3 Rab8 31. Re4 Qc6 32. Rb1 Rb7 33. Rb2 Rd7 34. Rd2 Rxd2 35. Qxd2 e5 36. h4 Qc7 37. Qb4 Rb8 38. Qc3 Rd8 39. Rb4 h6 40. Rb6 e4 41. fxe4 Rd1+ 42. Be1 Qf4 43. Rxb3 Rxe1+ 44. Qxe1 axb3 45. Qc3 Qb8 46. Qb2 Kf8 47. c6 Qb6+ 48. Kh1 Ke7 49. e5 f5 50. a4 Qb4 51. c7 Qxh4+ 52. Kg1 Qe1+ 53. Kh2 Qh4+ 54. Kg1 1/2-1/2

[Event "Syre Memorial op 25th"]
[Site "Issy les Moulineaux"]
[Date "2002.05.11"]
[Round "6"]
[White "Abergel, Thal"]
[Black "Soulages, Laurent"]
[Result "1-0"]
[WhiteElo "2330"]
[BlackElo "2144"]
[PlyCount "59"]
[EventDate "2002.05.08"]
[EventType "swiss"]
[EventRounds "7"]
[EventCountry "FRA"]
[SourceTitle "EXT 2004"]
[Source "ChessBase"]
[SourceDate "2003.11.25"]
[SourceVersion "1"]
[SourceVersionDate "2003.11.25"]
[SourceQuality "1"]

1. e4 c5 2. Nf3 d6 3. d4 cxd4 4. Nxd4 Nf6 5. Nc3 Nc6 6. Bc4 Qb6 7. Ndb5 a6 8. Be3 Qa5 9. Nd4 e6 10. Nb3 Qc7 11. a4 d5 12. exd5 Nb4 13. Bd3 Nbxd5 14. Nxd5 Nxd5 15. Bd2 Bb4 16. c3 Qe5+ 17. Qe2 Qxe2+ 18. Bxe2 Bd6 19. Bf3 Bd7 20. c4 Nb4 21. 0-0 Nc6 22. Bc3 f6 23. Rad1 Ke7 24. Rd3 Rhd8 25. Rfd1 Be8 26. Ba5 Rd7 27. Bxc6 bxc6 28. Rxd6 Rxd6 29. Bb4 Rad8 30. Na5 1-0

[Event "Syre Memorial op 25th"]
[Site "Issy les Moulineaux"]
[Date "2002.05.08"]
[Round "1"]
[White "Soulages, Laurent"]
[Black "Calistri, Tristan"]
[Result "1/2-1/2"]
[WhiteElo "2144"]
[BlackElo "2321"]
[PlyCount "47"]
[EventDate "2002.05.08"]
[EventType "swiss"]
[EventRounds "7"]
[EventCountry "FRA"]
[SourceTitle "EXT 2004"]
[Source "ChessBase"]
[SourceDate "2003.11.25"]
[SourceVersion "1"]
[SourceVersionDate "2003.11.25"]
[SourceQuality "1"]

1. Nf3 g6 2. c4 Nf6 3. Nc3 Bg7 4. d4 0-0 5. e4 d6 6. Be2 e5 7. 0-0 Nc6 8. d5 Ne7 9. b4 c6 10. Rb1 cxd5 11. cxd5 Nh5 12. Re1 f5 13. Ng5 Nf4 14. Bf3 h6 15. Ne6 Nxe6 16. dxe6 Bxe6 17. exf5 Bxf5 18. Bxb7 Bxb1 19. Bxa8 Bxa2 20. Nxa2 Qxa8 21. Qxd6 Qd5 22. Qxe7 Qxa2 23. Be3 Rf7 24. Qe8+ 1/2-1/2

[Event "Syre Memorial op 24th"]
[Site "Issy les Moulineaux"]
[Date "2001.05.24"]
[Round "1"]
[White "Soulages, Laurent"]
[Black "Calistri, Tristan"]
[Result "0-1"]
[WhiteElo "2133"]
[BlackElo "2277"]
[PlyCount "82"]
[EventDate "2001.05.25"]
[EventType "swiss"]
[EventRounds "6"]
[EventCountry "FRA"]
[SourceTitle "EXT 2003"]
[Source "ChessBase"]
[SourceDate "2002.11.25"]
[SourceVersion "1"]
[SourceVersionDate "2002.11.25"]
[SourceQuality "1"]

1. d4 Nf6 2. c4 g6 3. Nc3 Bg7 4. e4 d6 5. Nf3 0-0 6. Be2 e5 7. 0-0 Nc6 8. d5 Ne7 9. Ne1 Nd7 10. Bg5 f6 11. Bd2 f5 12. Nd3 Kh8 13. f3 f4 14. b4 g5 15. c5 Nf6 16. Nf2 h5 17. h3 Neg8 18. Qc2 Nh6 19. cxd6 cxd6 20. Nb5 Ne8 21. Rfc1 Bd7 22. a4 a6 23. Na3 Rg8 24. Nc4 Bf8 25. a5 g4 26. hxg4 hxg4 27. fxg4 Nxg4 28. Nxg4 Bxg4 29. Bxg4 Rxg4 30. Ra3 Qg5 31. Be1 Rc8 32. Qe2 Rc7 33. Rh3+ Kg8 34. Rc2 Nf6 35. Ne3 Rxc2 36. Nxc2 Qg6 37. b5 axb5 38. Rb3 Nxe4 39. Rxb5 Nc5 40. Kf1 f3 41. gxf3 Rg1+ 0-1

[Event "Syre Memorial op 24th"]
[Site "Issy les Moulineaux"]
[Date "2001.05.??"]
[Round "5"]
[White "Soulages, Laurent"]
[Black "Nguyen, Thanh Tong"]
[Result "0-1"]
[WhiteElo "2136"]
[BlackElo "255"]
[PlyCount "85"]
[EventDate "2001.05.25"]
[EventType "swiss"]
[EventRounds "6"]
[EventCountry "FRA"]
[SourceTitle "EXT 2003"]
[Source "ChessBase"]
[SourceDate "2002.11.25"]
[SourceVersion "1"]
[SourceVersionDate "2002.11.25"]
[SourceQuality "1"]

1. Nf3 Nf6 2. c4 g6 3. Nc3 Bg7 4. e4 d6 5. d4 0-0 6. Be2 e5 7. 0-0 Nc6 8. d5 Ne7 9. Ne1 Nd7 10. Be3 f5 11. f3 Nf6 12. c5 f4 13. Bf2 g5 14. cxd6 cxd6 15. Rc1 Ng6 16. Nb5 g4 17. Nc7 g3 18. hxg3 fxg3 19. Bxg3 Nh5 20. Bh2 Bh6 21. Rc3 Bd7 22. Nxa8 Qxa8 23. g4 Nhf4 24. Bg3 Qd8 25. Ng2 Qb6+ 26. Kh2 Nxe2 27. Qxe2 Bb5 28. Qf2 Bxf1 29. Qxf1 Qxb2 30. Qc4 Qb6 31. Rb3 Qd8 32. Qa4 a6 33. Rxb7 Rxf3 34. Rb3 Rf8 35. Qxa6 Bf4 36. Qe2 Qg5 37. Bxf4 exf4 38. Rh3 Ne5 39. Nh4 Nxg4+ 40. Kh1 Rb8 41. Nf3 Rb1+ 42. Ng1 Ne3 43. Qh2 0-1